Solution of Problems in Mechanics of Machines: General Dynamics in One, Two and Three Dimensions (Record no. 1204)

000 -LEADER
fixed length control field 00425nam a2200133 4500
008 - FIXED-LENGTH DATA ELEMENTS--GENERAL INFORMATION
fixed length control field 200114b ||||| |||| 00| 0 eng d
082 00 - DEWEY DECIMAL CLASSIFICATION NUMBER
Classification number 621.811076
Item number A6371
245 10 - TITLE STATEMENT
Title Solution of Problems in Mechanics of Machines: General Dynamics in One, Two and Three Dimensions
260 ## - PUBLICATION, DISTRIBUTION, ETC. (IMPRINT)
Place of publication, distribution, etc London
Name of publisher, distributor, etc Pitman Publishing
Date of publication, distribution, etc 1970
300 ## - PHYSICAL DESCRIPTION
Extent vii, 525 p.
490 0# - SERIES STATEMENT
Volume number/sequential designation Vol 1
650 #0 - SUBJECT ADDED ENTRY--TOPICAL TERM
Topical term or geographic name as entry element Machinery--Dynamics
942 ## - ADDED ENTRY ELEMENTS (KOHA)
Source of classification or shelving scheme
Item type Books
Holdings
Withdrawn status Lost status Source of classification or shelving scheme Damaged status Not for loan Permanent location Current location Date acquired Full call number Barcode Date last seen Koha item type
          IMU Kolkata IMU Kolkata 1974-11-27 621.811076 A6371 04172 2020-01-14 Books
          IMU Kolkata IMU Kolkata 1974-11-27 621.811076 A6371 04173 2020-01-14 Books
          IMU Kolkata IMU Kolkata 1974-11-27 621.811076 A6371 04174 2020-01-14 Books
Designed and Maintained by IMU-KC Library, Kolkata Campus © Copyright All Rights Reserved

webs counters

Powered by Koha